<?xml version="1.0" encoding="UTF-8"?>
<record
    xmlns:xsi="http://www.w3.org/2001/XMLSchema-instance"
    xsi:schemaLocation="http://www.loc.gov/MARC21/slim http://www.loc.gov/standards/marcxml/schema/MARC21slim.xsd"
    xmlns="http://www.loc.gov/MARC21/slim">

  <leader>01630nab a2200229uuc4500</leader>
  <controlfield tag="001">1330858</controlfield>
  <controlfield tag="005">20240202112254.0</controlfield>
  <controlfield tag="008">130531e20120701                    spa  </controlfield>
  <datafield tag="035" ind1=" " ind2=" ">
    <subfield code="a">1330858</subfield>
  </datafield>
  <datafield tag="040" ind1=" " ind2=" ">
    <subfield code="c">comduadb</subfield>
  </datafield>
  <datafield tag="041" ind1=" " ind2=" ">
    <subfield code="a">spa</subfield>
  </datafield>
  <datafield tag="100" ind1="1" ind2="0">
    <subfield code="a">Sanchez Avenda&#xF1;o, Carlos</subfield>
    <subfield code="4">aut</subfield>
    <subfield code="e">aut</subfield>
    <subfield code="9">380336</subfield>
  </datafield>
  <datafield tag="245" ind1="1" ind2="0">
    <subfield code="a">"Indio come-iguana" discriminaci&#xF3;n, hostigamiento e insultos etnof&#xF3;bicos dirigidos a los malecus</subfield>
  </datafield>
  <datafield tag="520" ind1="3" ind2=" ">
    <subfield code="a">En el presente art&#xED;culo se analiza el discurso de individuos malecus de distintos grupos generacionales y de todos los poblados con el fin de determinar su percepci&#xF3;n de la discriminaci&#xF3;n de que son objeto debido a su origen &#xE9;tnico. En general, la discriminaci&#xF3;n y el hostigamiento que viven cotidianamente los malecus est&#xE1; fundamentado en la ideolog&#xED;a de la superioridad cultural occidental y la inferioridad de las culturas amerindias, y se manifiestan frecuentemente en la forma de agresiones verbales encaminadas a deteriorar su etnicidad diferenciada, sobre todo mediante el uso de apelativos interpretados por los malecus con una fuerza ilocutiva insultante. El an&#xE1;lisis sem&#xE1;ntico de tales apelativos pone en evidencia que se construyen sobre la base de dos operaciones cognitivas: la categorizaci&#xF3;n y la metonimia.</subfield>
  </datafield>
  <datafield tag="650" ind1=" " ind2=" ">
    <subfield code="a">Malecus (Ind&#xED;genas)</subfield>
    <subfield code="9">203860</subfield>
  </datafield>
  <datafield tag="650" ind1=" " ind2=" ">
    <subfield code="a">Discriminaci&#xF3;n &#xE9;tnica</subfield>
    <subfield code="9">55516</subfield>
  </datafield>
  <datafield tag="650" ind1=" " ind2=" ">
    <subfield code="a">Costa Rica - Aspectos culturales</subfield>
    <subfield code="9">200232</subfield>
  </datafield>
  <datafield tag="650" ind1=" " ind2=" ">
    <subfield code="a">Racismo - Costa Rica</subfield>
    <subfield code="9">118346</subfield>
  </datafield>
  <datafield tag="650" ind1=" " ind2="7">
    <subfield code="a">An&#xE1;lisis del discurso</subfield>
    <subfield code="2">lemb</subfield>
    <subfield code="9">43754</subfield>
  </datafield>
  <datafield tag="773" ind1="0" ind2=" ">
    <subfield code="t">Ka&#xF1;ina (San Jos&#xE9;)</subfield>
    <subfield code="g">Vol. 36, No. 02, Jul.-Dic. 2012, 191-215</subfield>
    <subfield code="w">217904</subfield>
    <subfield code="x">0378-0473</subfield>
    <subfield code="0">99684</subfield>
  </datafield>
  <datafield tag="942" ind1=" " ind2=" ">
    <subfield code="c">ARIMP</subfield>
  </datafield>
  <datafield tag="999" ind1=" " ind2=" ">
    <subfield code="c">652399</subfield>
    <subfield code="d">652399</subfield>
  </datafield>
</record>
